Probabilidades y Estadística para ingeniería y ciencias
| Main Authors: | , , |
|---|---|
| Format: | Section = Libro |
| Language: | Undetermined Spanish |
| Published: |
Estados Unidos
Pearson Educación
2012
|
| Edition: | 8a.ed. |
| Subjects: |
| LEADER | 00729nam a2200265Ia 4500 | ||
|---|---|---|---|
| 008 | 241007s9999||||xx |||||||||||||| ||und|| | ||
| 020 | |a 978-970-26-0936-0 | ||
| 040 | |a BIBLIOTECA-RURC/ 519 W219 | ||
| 041 | |a spa | ||
| 082 | |a 519 W219 | ||
| 100 | 1 | |a Whalpole, Ronald E | |
| 100 | 1 | |b Raymond H. Myers | |
| 100 | 1 | |c Sharon L. Myers | |
| 245 | 1 | 0 | |a Probabilidades y Estadística para ingeniería y ciencias |
| 250 | |a 8a.ed. | ||
| 260 | |a Estados Unidos |b Pearson Educación |c 2012 | ||
| 300 | |a 840 p. :il. | ||
| 650 | 7 | |a PROBABILIDADES | |
| 650 | 7 | |b ESTADISTICA | |
| 650 | 7 | |c MATEMATICA | |
| 650 | 7 | |d NGENIERIA - METODOS ESTADISTICOS | |
| 650 | 7 | |e MUESTREO ESTADISTICA | |
| 942 | |c BK |2 ddc | ||
| 991 | |a TEXTO | ||
| 999 | |c 14384 | ||